[Event "XV Torneo Internacional de Ajedrez"]
[Site "Albacete -ESPAÑA"]
[Date "2007.09.02"]
[Round "1.1"]
[White "Khamrakulov, I."]
[Black "Moya Albadalejo, J."]
[Result "1-0"]
[WhiteElo "2592"]
[BlackElo "1976"]
[PlyCount "71"]
[EventDate "2007.09.02"]

1. e4 Nf6 2. e5 Nd5 3. Nc3 Nxc3 4. bxc3 d6 5. Nf3 Nc6 6. exd6 cxd6 7. Be2 g6 8.
O-O Bg7 9. d4 O-O 10. Bg5 Qc7 11. Qd2 Re8 12. d5 Ne5 13. Nd4 Bd7 14. Rab1 b6
15. Rfe1 Bf8 16. h3 Nc4 17. Qd3 Rac8 18. Qe4 h6 19. Bc1 Qc5 20. Nb3 Qc7 21. Qh4
Kh7 22. Bd3 Ne5 23. Ba6 Rb8 24. Bd2 b5 25. Nd4 Qa5 26. Bxb5 Bxb5 27. Nxb5 Rxb5
28. c4 Qxd2 29. cxb5 Qxd5 30. Qa4 Qc5 31. b6 Ra8 32. b7 Rb8 33. Rb5 Qc3 34. Re3
Qa1+ 35. Kh2 Nc6 36. Qc4 1-0

[Event "XV Torneo Internacional de Ajedrez"]
[Site "Albacete -ESPAÑA"]
[Date "2007.09.02"]
[Round "1.2"]
[White "Cruz Lledo, P."]
[Black "Burmakin, V."]
[Result "0-1"]
[WhiteElo "1967"]
[BlackElo "2581"]
[PlyCount "42"]
[EventDate "2007.09.02"]

1. d4 d5 2. c4 e6 3. Nc3 c6 4. cxd5 exd5 5. Qc2 Bd6 6. Nf3 h6 7. Ne5 Ne7 8. Bf4
Bf5 9. Qb3 b6 10. Bg3 O-O 11. e3 c5 12. dxc5 bxc5 13. O-O-O Be6 14. Qb7 Bxe5
15. Bxe5 Nbc6 16. Bg3 d4 17. Kb1 Qb6 18. Qxb6 axb6 19. exd4 cxd4 20. Nb5 Bxa2+
21. Kc1 Bb3 0-1

[Event "XV Torneo Internacional de Ajedrez"]
[Site "Albacete -ESPAÑA"]
[Date "2007.09.02"]
[Round "1.4"]
[White "Tebar Sanchez, J."]
[Black "Movsziszian, K."]
[Result "0-1"]
[WhiteElo "1953"]
[BlackElo "2534"]
[PlyCount "66"]
[EventDate "2007.09.02"]

1. e4 c5 2. d4 cxd4 3. Qxd4 Nc6 4. Qe3 g6 5. Bd2 Bg7 6. Bc3 Nf6 7. Bc4 O-O 8.
Nd2 e5 9. Ngf3 d5 10. Bxd5 Nxd5 11. exd5 Qxd5 12. O-O Bf5 13. Rfc1 Rfd8 14. Nb3
a5 15. a4 Nd4 16. Bxd4 exd4 17. Qd2 b6 18. Ne1 d3 19. c4 Qe5 20. Rab1 Rac8 21.
Nf3 Qe4 22. Ng5 Qc6 23. Ra1 Bh6 24. f4 f6 25. Nf3 Qe4 26. Qc3 Bxf4 27. Nbd2 Qc6
28. b4 axb4 29. Qxb4 Bg4 30. Rcb1 Bxf3 31. Nxf3 d2 32. Rd1 Rd3 33. Rf1 Qxc4 0-1

[Event "XV Torneo Internacional de Ajedrez"]
[Site "Albacete -ESPAÑA"]
[Date "2007.09.02"]
[Round "1.5"]
[White "Suba, M."]
[Black "Garcia Castilla, M."]
[Result "1-0"]
[WhiteElo "2525"]
[BlackElo "1949"]
[PlyCount "47"]
[EventDate "2007.09.02"]

1. Nc3 e5 2. Nf3 Nc6 3. d4 exd4 4. Nxd4 Nxd4 5. Qxd4 Qf6 6. Qc4 c6 7. e4 d6 8.
Be3 Be6 9. Qb4 b6 10. Qa4 b5 11. Qa6 Bd7 12. O-O-O Nh6 13. f3 Be7 14. Bxb5 O-O
15. Ba4 Rfc8 16. h4 Rc7 17. Bb3 Rb8 18. Qa5 Rcb7 19. Bg5 Bd8 20. Qa3 Qe5 21.
Bxd8 Qf4+ 22. Kb1 Rxd8 23. Qxd6 Qe3 24. Qxc6 1-0

[Event "XV Torneo Internacional de Ajedrez"]
[Site "Albacete -ESPAÑA"]
[Date "2007.09.02"]
[Round "1.6"]
[White "Ares Campo, I."]
[Black "Rivas Pastor, M."]
[Result "0-1"]
[WhiteElo "1940"]
[BlackElo "2510"]
[PlyCount "84"]
[EventDate "2007.09.02"]

1. e4 e5 2. Nf3 Nc6 3. Nc3 g6 4. d4 exd4 5. Nxd4 Bg7 6. Be3 d6 7. Nxc6 bxc6 8.
Bd4 Nf6 9. Be2 c5 10. Be3 O-O 11. e5 dxe5 12. Bxc5 Re8 13. Qxd8 Rxd8 14. Rd1
Rxd1+ 15. Bxd1 Bf8 16. Bxf8 Kxf8 17. O-O Bf5 18. h3 h5 19. Re1 Re8 20. Nb5 c6
21. Nd6 Rd8 22. Nc4 e4 23. c3 Be6 24. Be2 h4 25. a4 c5 26. Ne5 Rd2 27. b4 cxb4
28. cxb4 Bd5 29. Bc4 Bxc4 30. Nxc4 Ra2 31. a5 Ra4 32. Rb1 Nd5 33. Ne5 Rxb4 34.
Rxb4 Nxb4 35. Nd7+ Ke7 36. Nc5 f5 37. g4 hxg3 38. fxg3 Kd6 39. Nb3 Kd5 40. Kf2
Kc4 41. Nd2+ Kd3 42. Nf1 Nc2 0-1

[Event "XV Torneo Internacional de Ajedrez"]
[Site "Albacete -ESPAÑA"]
[Date "2007.09.02"]
[Round "1.7"]
[White "Lazarev, V."]
[Black "Munoz Fernandez, J."]
[Result "1-0"]
[WhiteElo "2498"]
[BlackElo "1938"]
[PlyCount "67"]
[EventDate "2007.09.02"]

1. d4 Nf6 2. c4 g6 3. Nc3 Bg7 4. e4 d6 5. h3 Nbd7 6. Bg5 O-O 7. Bd3 e5 8. d5 a5
9. Nge2 Nc5 10. Bc2 Bd7 11. O-O h6 12. Be3 b6 13. Qd2 Kh7 14. Rab1 Ng8 15. b3
f5 16. exf5 Bxf5 17. Bxf5 gxf5 18. f4 e4 19. Nb5 Rf7 20. Nbd4 Qe7 21. Kh2 Qd7
22. Rg1 h5 23. a3 Ne7 24. b4 axb4 25. axb4 Nd3 26. Ne6 Bf6 27. g4 hxg4 28. hxg4
fxg4 29. Rxg4 Rg8 30. Rxg8 Nxg8 31. Ng3 c5 32. Nxe4 Nxb4 33. Qg2 Nh6 34. N4g5+
1-0

[Event "XV Torneo Internacional de Ajedrez"]
[Site "Albacete -ESPAÑA"]
[Date "2007.09.02"]
[Round "1.8"]
[White "Tonus, A."]
[Black "Babaev, R."]
[Result "0-1"]
[WhiteElo "1938"]
[BlackElo "2488"]
[PlyCount "60"]
[EventDate "2007.09.02"]

1. e4 c5 2. Nf3 d6 3. d4 cxd4 4. Nxd4 Nf6 5. Nc3 Nc6 6. Bc4 Bd7 7. Bb3 g6 8. f3
Nxd4 9. Qxd4 Bg7 10. Be3 O-O 11. Qd2 b5 12. Bh6 a5 13. h4 a4 14. Bd5 b4 15. Ne2
Bxh6 16. Qxh6 Nxd5 17. exd5 e5 18. g4 Qf6 19. h5 Rac8 20. hxg6 Qxg6 21. Qe3 f5
22. Rh6 Qg7 23. Rxd6 fxg4 24. fxg4 Rxc2 25. Rc1 Rxc1+ 26. Qxc1 Bxg4 27. Rc6
Bxe2 28. Kxe2 Qg2+ 29. Kd3 Qxd5+ 30. Ke2 Qe4+ 0-1

[Event "XV Torneo Internacional de Ajedrez"]
[Site "Albacete -ESPAÑA"]
[Date "2007.09.02"]
[Round "1.9"]
[White "Castellanos Rodriguez, R."]
[Black "Menendez Solar, J."]
[Result "1-0"]
[WhiteElo "2471"]
[BlackElo "1925"]
[PlyCount "43"]
[EventDate "2007.09.02"]

1. e4 Nf6 2. e5 Nd5 3. d4 d6 4. Nf3 Bg4 5. Be2 e6 6. O-O Be7 7. h3 Bh5 8. c4
Nb6 9. Nbd2 O-O 10. exd6 cxd6 11. b3 Bg6 12. Re1 N8d7 13. Bb2 Rc8 14. Nf1 h6
15. Bd3 Bxd3 16. Qxd3 Nf6 17. Ng3 Nbd7 18. Rac1 Rc7 19. Bc3 Re8 20. Bd2 Bf8 21.
Bf4 Qc8 22. Nd2 {...} 1-0

[Event "XV Torneo Internacional de Ajedrez"]
[Site "Albacete -ESPAÑA"]
[Date "2007.09.02"]
[Round "1.10"]
[White "Gonzalez Lopez, J."]
[Black "Guliev, L."]
[Result "0-1"]
[WhiteElo "1921"]
[BlackElo "2454"]
[PlyCount "154"]
[EventDate "2007.09.02"]

1. d4 Nf6 2. c4 e6 3. Nc3 Bb4 4. Bg5 c5 5. Bxf6 Qxf6 6. Nf3 O-O 7. e3 Nc6 8.
Be2 d5 9. O-O cxd4 10. Nxd4 Nxd4 11. Qxd4 Qxd4 12. exd4 dxc4 13. Bxc4 Rd8 14.
Rfd1 Bd7 15. Rac1 Rac8 16. Bb3 Kf8 17. a3 Bxc3 18. bxc3 b5 19. c4 bxc4 20. Rxc4
Rxc4 21. Bxc4 Ba4 22. Rb1 Rxd4 23. Be2 Bc6 24. f3 Rd2 25. Kf2 Ra2 26. Rb3 Ke7
27. Ke3 a5 28. h4 a4 29. Rc3 Kd6 30. g3 f5 31. Rd3+ Ke7 32. Rc3 Kd6 33. Rd3+
Bd5 34. Bd1 Rg2 35. g4 fxg4 36. fxg4 Ke5 37. h5 h6 38. Bxa4 Rxg4 39. Be8 Kd6
40. a4 Rg2 41. Kf4 Ra2 42. Rg3 Ke7 43. Bb5 Kf6 44. Rg6+ Kf7 45. Rg3 Rf2+ 46.
Kg4 Ra2 47. Kf4 Rh2 48. Kg4 e5 49. Bd3 Ke7 50. Bg6 Be6+ 51. Kf3 Kf6 52. Bd3
Bd5+ 53. Be4 Bxe4+ 54. Kxe4 Rxh5 55. Ra3 Ke6 56. Ra1 Rh4+ 57. Ke3 Kd6 58. a5
Kc7 59. a6 Kb8 60. Rb1+ Ka8 61. Rb7 Rg4 62. Re7 h5 63. Rxe5 h4 64. Kf3 Rg3+ 65.
Kf2 Ka7 66. Re6 g6 67. Rd6 Rg4 68. Re6 Rg3 69. Rd6 Rg4 70. Re6 g5 71. Rg6 h3
72. Rh6 Rg2+ 73. Kf1 g4 74. Rg6 g3 75. Rh6 Rf2+ 76. Ke1 h2 77. Rh5 Ra2 0-1

[Event "XV Torneo Internacional de Ajedrez"]
[Site "Albacete -ESPAÑA"]
[Date "2007.09.02"]
[Round "1.11"]
[White "Pogorelov, R."]
[Black "Picazo Lopez, I."]
[Result "1-0"]
[WhiteElo "2453"]
[BlackElo "1914"]
[PlyCount "45"]
[EventDate "2007.09.02"]

1. Nf3 d5 2. d4 Nf6 3. c4 e6 4. Nc3 Nbd7 5. cxd5 exd5 6. Bf4 c6 7. Qc2 Be7 8.
e3 O-O 9. Bd3 a6 10. h3 c5 11. dxc5 Nxc5 12. O-O Qb6 13. Be5 Ncd7 14. Bd4 Qd8
15. Rfd1 b5 16. e4 dxe4 17. Nxe4 Qe8 18. Re1 Qd8 19. Nxf6+ Nxf6 20. Bxf6 Bxf6
21. Bxh7+ Kh8 22. Be4 Ra7 23. Qc5 1-0

[Event "XV Torneo Internacional de Ajedrez"]
[Site "Albacete -ESPAÑA"]
[Date "2007.09.02"]
[Round "1.12"]
[White "Fernandez Cabello, E."]
[Black "Saldano, H."]
[Result "0-1"]
[WhiteElo "1910"]
[BlackElo "2451"]
[PlyCount "66"]
[EventDate "2007.09.02"]

1. e4 c5 2. Nc3 a6 3. a4 Nc6 4. f4 e6 5. Bc4 Nge7 6. Nf3 d5 7. Ba2 d4 8. Nb1 d3
9. O-O Nb4 10. Na3 dxc2 11. Nxc2 Nxa2 12. Rxa2 Nc6 13. d4 cxd4 14. Ncxd4 Bc5
15. Be3 O-O 16. b3 Qb6 17. Kh1 Bd7 18. Rd2 Nxd4 19. Bxd4 Bxd4 20. Rxd4 Bc6 21.
Ne5 h6 22. h4 a5 23. Rf3 Rad8 24. Nxc6 bxc6 25. Rfd3 Rxd4 26. Rxd4 Rb8 27. Rd3
Qf2 28. g3 Kh7 29. Qg1 Qc2 30. Qe3 c5 31. Rc3 Qd1+ 32. Kg2 Rd8 33. Qg1 Qe2+ 0-1

[Event "XV Torneo Internacional de Ajedrez"]
[Site "Albacete -ESPAÑA"]
[Date "2007.09.02"]
[Round "1.14"]
[White "Villodre Miranda, J."]
[Black "Minzer, C."]
[Result "0-1"]
[WhiteElo "1890"]
[BlackElo "2410"]
[PlyCount "104"]
[EventDate "2007.09.02"]

1. c4 Nf6 2. Nc3 c5 3. e4 Nc6 4. d3 g6 5. g3 Bg7 6. Bg2 d6 7. Nge2 O-O 8. h3 a6
9. O-O Rb8 10. a4 Ne8 11. f4 Nc7 12. f5 b5 13. axb5 axb5 14. cxb5 Nxb5 15. Nxb5
Rxb5 16. Nc3 Rb8 17. Kh2 e6 18. g4 Be5+ 19. Kh1 Qh4 20. Ne2 Nd4 21. Bf4 Bxf4
22. Rxf4 Rxb2 23. Nxd4 cxd4 24. Qe1 Qxe1+ 25. Rxe1 e5 26. Rf3 Bd7 27. Kg1 Rc8
28. Rf2 Rxf2 29. Kxf2 Kg7 30. Re2 Kf6 31. Rb2 gxf5 32. exf5 Rc3 33. Rb6 Ke7 34.
Bd5 Rc5 35. Bc4 f6 36. Rb8 d5 37. Bb3 Rb5 38. Rxb5 Bxb5 39. Bxd5 Bxd3 40. Bb3
h5 41. Bd1 h4 42. Be2 Bxe2 43. Kxe2 e4 44. Kd2 Kd6 45. Ke2 Ke5 46. Kd2 e3+ 47.
Kd3 Kf4 48. Ke2 Ke4 49. Ke1 d3 50. Kd1 e2+ 51. Kd2 Kf4 52. Ke1 Ke3 0-1

[Event "XV Torneo Internacional de Ajedrez"]
[Site "Albacete -ESPAÑA"]
[Date "2007.09.02"]
[Round "1.15"]
[White "Vassallo, M."]
[Black "Olivas Campomanes, A."]
[Result "1-0"]
[WhiteElo "2387"]
[BlackElo "1880"]
[PlyCount "73"]
[EventDate "2007.09.02"]

1. Nf3 Nf6 2. g3 g6 3. Bg2 Bg7 4. O-O O-O 5. c4 d5 6. cxd5 Qxd5 7. d4 Nc6 8.
Ne5 Qe6 9. Nxc6 bxc6 10. Nc3 Rd8 11. Bf4 Qc4 12. e3 Ne8 13. Qa4 Qxa4 14. Nxa4
Rb8 15. Bxc6 Nd6 16. b3 h6 17. Rac1 g5 18. Be5 f6 19. Bxd6 cxd6 20. Bd5+ Kf8
21. Rc7 a6 22. Rfc1 Bd7 23. Nb2 Rdc8 24. Nd3 Ke8 25. Ra7 Rxc1+ 26. Nxc1 Rc8 27.
Nd3 Kd8 28. Kg2 Rb8 29. Bc4 Bb5 30. Bxb5 axb5 31. Nb4 Rc8 32. d5 Bf8 33. a4
bxa4 34. bxa4 Rc7 35. Nc6+ Kd7 36. Rxc7+ Kxc7 37. Nd4 1-0

[Event "XV Torneo Internacional de Ajedrez"]
[Site "Albacete -ESPAÑA"]
[Date "2007.09.02"]
[Round "1.17"]
[White "Guerra Bastida, D."]
[Black "Hernandez Jimenez, A."]
[Result "1-0"]
[WhiteElo "2370"]
[BlackElo "1867"]
[PlyCount "95"]
[EventDate "2007.09.02"]

1. c4 e6 2. Nf3 d5 3. d4 Nf6 4. g3 Bb4+ 5. Bd2 Be7 6. Bg2 c6 7. Qc2 Nbd7 8. O-O
O-O 9. Rd1 b6 10. Nc3 Bb7 11. e4 Nxe4 12. Nxe4 dxe4 13. Qxe4 Nf6 14. Qc2 Qc7
15. Bf4 Bd6 16. Bxd6 Qxd6 17. c5 Qc7 18. b4 Rfd8 19. Rab1 Rac8 20. Ne5 Nd5 21.
Bf1 Ne7 22. Bc4 Nf5 23. Qe4 b5 24. Bb3 a5 25. Nxf7 Re8 26. Ng5 Kh8 27. Bxe6 g6
28. Qe5+ Qxe5 29. dxe5 Rc7 30. Rd7 Rxd7 31. Bxd7 Re7 32. e6 Kg7 33. bxa5 Nd4
34. Nf7 Nxe6 35. Bxe6 Rxe6 36. Nd8 Re7 37. a4 Rd7 38. Nxb7 Rxb7 39. axb5 cxb5
40. a6 Ra7 41. Rxb5 Rxa6 42. Rb7+ Kh6 43. Rc7 Ra1+ 44. Kg2 Rc1 45. h4 Rc4 46.
Kh3 g5 47. Rc6+ Kg7 48. hxg5 1-0

[Event "XV Torneo Internacional de Ajedrez"]
[Site "Albacete -ESPAÑA"]
[Date "2007.09.02"]
[Round "1.19"]
[White "Granero Roca, A."]
[Black "Ontanon Gomez, P."]
[Result "1-0"]
[WhiteElo "2348"]
[BlackElo "1832"]
[PlyCount "67"]
[EventDate "2007.09.02"]

1. c4 c5 2. Nf3 Nc6 3. g3 e5 4. Nc3 g6 5. Bg2 Bg7 6. Rb1 d6 7. a3 a5 8. d3 Nge7
9. h4 h5 10. Bg5 Rb8 11. O-O Be6 12. Ne1 Qd7 13. Nc2 d5 14. Bxe7 Nxe7 15. cxd5
Nxd5 16. Nxd5 Bxd5 17. Bxd5 Qxd5 18. e4 Qd7 19. Ne3 O-O 20. Rc1 b6 21. Nd5 f5
22. b4 Bh6 23. Rc2 axb4 24. axb4 cxb4 25. Rc7 Qd6 26. Qc2 Rf7 27. Rc6 Qd8 28.
Rxg6+ Kh7 29. Qc6 Bg7 30. Rg5 f4 31. Qg6+ Kg8 32. Rxh5 fxg3 33. fxg3 Rxf1+ 34.
Kxf1 1-0

[Event "XV Torneo Internacional de Ajedrez"]
[Site "Albacete -ESPAÑA"]
[Date "2007.09.02"]
[Round "1.20"]
[White "Carrazoni Roman, C."]
[Black "Valmana Canto, J."]
[Result "0-1"]
[WhiteElo "1831"]
[BlackElo "2346"]
[PlyCount "64"]
[EventDate "2007.09.02"]

1. f4 c5 2. Nf3 Nc6 3. e4 g6 4. c3 Bg7 5. Bc4 e6 6. Qe2 Nge7 7. e5 d5 8. Bb5
O-O 9. Ba4 f6 10. d4 cxd4 11. cxd4 fxe5 12. Bxc6 Nxc6 13. dxe5 Qb6 14. Na3 Qb4+
15. Qd2 Rxf4 16. O-O Rf5 17. Qxb4 Nxb4 18. Bd2 Nc6 19. g4 Rf7 20. Rae1 Bd7 21.
Nb5 Raf8 22. Kg2 Rxf3 23. Rxf3 Rxf3 24. Kxf3 Nxe5+ 25. Kg3 Bxb5 26. Bc3 d4 27.
Bd2 Nc4 28. Bg5 e5 29. b3 Nb6 30. Be7 Bc6 31. h4 e4 32. h5 d3 0-1

[Event "XV Torneo Internacional de Ajedrez CIUD"]
[Site "Albacete -ESPAÑA"]
[Date "2007.09.03"]
[Round "2.1"]
[White "Fernandez Barrera, V."]
[Black "Khamrakulov, I."]
[Result "0-1"]
[WhiteElo "2204"]
[BlackElo "2592"]
[PlyCount "86"]
[EventDate "2007.09.02"]

1. e4 c5 2. Nf3 e6 3. d4 cxd4 4. Nxd4 a6 5. Bd3 Ne7 6. O-O g6 7. c4 Bg7 8. Be3
d5 9. cxd5 exd5 10. Nc3 O-O 11. Rc1 Nbc6 12. Nxc6 bxc6 13. exd5 Nxd5 14. Nxd5
cxd5 15. b3 d4 16. Bf4 Bb7 17. Re1 Rc8 18. Rxc8 Qxc8 19. f3 Bc6 20. Qd2 Bb5 21.
Be5 Qc3 22. Qxc3 dxc3 23. Bxg7 Kxg7 24. Bxb5 axb5 25. a3 Rd8 26. Rc1 Rd3 27. h4
f5 28. f4 Kh6 29. Kf2 Kh5 30. Ke2 Rg3 31. Kf2 Kg4 32. a4 b4 33. a5 Rd3 34. Rc2
Rd1 35. Ra2 Rb1 36. a6 Rb2+ 37. Rxb2 cxb2 38. a7 b1=Q 39. a8=Q Qxb3 40. Qd8
Qg3+ 41. Kf1 Qxf4+ 42. Kg1 Qe3+ 43. Kf1 Kg3 0-1

[Event "XV Torneo Internacional de Ajedrez CIUD"]
[Site "Albacete -ESPAÑA"]
[Date "2007.09.03"]
[Round "2.2"]
[White "Burmakin, V."]
[Black "Llavador Moron, J."]
[Result "1-0"]
[WhiteElo "2581"]
[BlackElo "2194"]
[PlyCount "82"]
[EventDate "2007.09.02"]

1. d4 Nf6 2. g3 g6 3. Bg2 Bg7 4. e4 d6 5. Nc3 O-O 6. Nge2 Nbd7 7. O-O e5 8. h3
exd4 9. Nxd4 Re8 10. Re1 Nc5 11. Nb3 Nxb3 12. axb3 Be6 13. Bg5 h6 14. Be3 c6
15. Qd2 Kh7 16. Red1 Qc8 17. Kh2 d5 18. exd5 Nxd5 19. Nxd5 cxd5 20. c3 a6 21.
Bxd5 Bxh3 22. Bxf7 Re7 23. Bc4 Qf5 24. Be2 Rae8 25. Qd5 Qxd5 26. Rxd5 Be6 27.
Rd6 Bxb3 28. Bf3 Rf8 29. Bg2 Rf6 30. Rd4 b5 31. Rd8 Bc4 32. Ra8 Ree6 33. Ra7
Rd6 34. Bb7 b4 35. cxb4 Rf7 36. Rc1 Bb5 37. Be4 Rxa7 38. Bxa7 Bxb2 39. Rc8 Bd4
40. Rc7+ Kg8 41. Bc5 Bc3 1-0

[Event "XV Torneo Internacional de Ajedrez CIUD"]
[Site "Albacete -ESPAÑA"]
[Date "2007.09.03"]
[Round "2.3"]
[White "Espinosa Aranda, A."]
[Black "Hernandez Carmenates, H."]
[Result "0-1"]
[WhiteElo "2184"]
[BlackElo "2544"]
[PlyCount "84"]
[EventDate "2007.09.02"]

1. e4 c5 2. Nf3 e6 3. d4 cxd4 4. Nxd4 a6 5. Nc3 Qc7 6. Bd3 g6 7. O-O Bg7 8. Be3
Nf6 9. f4 d6 10. Qe2 O-O 11. Rad1 b5 12. a3 Nbd7 13. Nb3 Bb7 14. h3 Rfe8 15.
Qf2 Rac8 16. g4 Nc5 17. Nxc5 dxc5 18. g5 Nd7 19. e5 Nb6 20. Ne4 Bxe4 21. Bxe4
Na4 22. Rd6 Nxb2 23. Rc6 Qa5 24. Bxc5 Bf8 25. Bxf8 Rxf8 26. Qc5 Rxc6 27. Bxc6
Rc8 28. Qa7 Qxa3 29. Rf3 Qa1+ 30. Kg2 Qc1 31. Rf2 Nd1 32. Qd7 Rf8 33. Qd2 Ne3+
34. Kf3 Qh1+ 35. Kxe3 Qxc6 36. Qd4 a5 37. Rd2 a4 38. c3 Rc8 39. Rd3 a3 40. Qa7
Qa8 41. Qe7 a2 42. Rd7 Rxc3+ 0-1

[Event "XV Torneo Internacional de Ajedrez CIUD"]
[Site "Albacete -ESPAÑA"]
[Date "2007.09.03"]
[Round "2.4"]
[White "Movsziszian, K."]
[Black "Mena, A."]
[Result "1-0"]
[WhiteElo "2534"]
[BlackElo "2169"]
[PlyCount "121"]
[EventDate "2007.09.02"]

1. e4 c5 2. d3 Nc6 3. g3 g6 4. Bg2 Bg7 5. f4 d6 6. Nf3 e6 7. O-O Nge7 8. c3 O-O
9. Be3 f5 10. a4 Rb8 11. Nbd2 b6 12. Re1 d5 13. Bf2 Re8 14. exf5 Nxf5 15. g4
Nd6 16. Nf1 Nf7 17. d4 cxd4 18. cxd4 Ba6 19. Ng3 Nb4 20. Re3 Rc8 21. Rc3 Rxc3
22. bxc3 Nd3 23. Be3 Nb2 24. Qc2 Nc4 25. Bc1 Qd6 26. h4 Nh6 27. Bh3 Rf8 28. Ne5
Nxe5 29. fxe5 Qc6 30. Kg2 Nf7 31. Bf4 Nd6 32. Bg5 Ne4 33. Nxe4 dxe4 34. Kh2 Rf3
35. Bg2 Rxc3 36. Qxe4 Bb7 37. Qxc6 Bxc6 38. Bxc6 Rxc6 39. a5 Rc2+ 40. Kg3 b5
41. a6 b4 42. Ra5 Rc6 43. Rb5 Rxa6 44. Rxb4 Bf8 45. Rb8 Kf7 46. Rb7+ Kg8 47.
Kf3 Ra3+ 48. Ke4 Rg3 49. d5 exd5+ 50. Kxd5 Rxg4 51. e6 Rb4 52. e7 Bxe7 53. Rxe7
h6 54. Bf6 Rb5+ 55. Ke4 g5 56. h5 g4 57. Be5 Kf8 58. Rxa7 g3 59. Ra3 Rb4+ 60.
Kf5 Rh4 61. Ke6 1-0

[Event "XV Torneo Internacional de Ajedrez CIUD"]
[Site "Albacete -ESPAÑA"]
[Date "2007.09.03"]
[Round "2.5"]
[White "Garcia Molina, F."]
[Black "Suba, M."]
[Result "1/2-1/2"]
[WhiteElo "2157"]
[BlackElo "2525"]
[PlyCount "143"]
[EventDate "2007.09.02"]

1. e4 c5 2. Nf3 d6 3. d4 Nf6 4. Nc3 cxd4 5. Nxd4 e6 6. g4 h6 7. Be3 Nc6 8. h3
a6 9. Qd2 Nxd4 10. Qxd4 e5 11. Qd2 Be6 12. Bg2 Rc8 13. O-O-O Qa5 14. Kb1 Be7
15. Nd5 Qxd2 16. Nxf6+ Bxf6 17. Rxd2 Ke7 18. Rhd1 Rc6 19. Bf1 Bg5 20. Rc1 f6
21. Bg2 Rhc8 22. a3 b5 23. Bf1 Rb8 24. b3 Rbc8 25. Kb2 Rh8 26. Bg2 a5 27. Bf1
Rb8 28. c3 b4 29. axb4 axb4 30. c4 Bxe3 31. fxe3 Ra8 32. Ra1 Rca6 33. Rxa6 Rxa6
34. Rg2 Ra8 35. h4 Bd7 36. Be2 Bc6 37. Bd3 g6 38. Rg1 Rh8 39. Kc2 Bd7 40. Be2
Ra8 41. Kb2 Kf7 42. Rd1 Ke6 43. Rc1 Bc6 44. Bd3 Rh8 45. Rg1 h5 46. g5 Rf8 47.
Rf1 Ke7 48. Kc2 fxg5 49. Rxf8 Kxf8 50. hxg5 h4 51. Kd2 h3 52. Bf1 Bd7 53. Ke1
Bg4 54. Kd2 Ke7 55. Kc2 Kd7 56. Kd2 Kc6 57. Kc2 Kb6 58. Kd2 Kc5 59. Kc2 h2 60.
Bg2 Be2 61. Bh1 Bxc4 62. bxc4 Kxc4 63. Bg2 b3+ 64. Kb2 Kd3 65. Kxb3 Kxe3 66.
Kc4 Kf4 67. Kd3 Kxg5 68. Ke3 Kg4 69. Kf2 Kf4 70. Bh1 g5 71. Bg2 Kg4 72. Bh1
1/2-1/2

[Event "XV Torneo Internacional de Ajedrez CIUD"]
[Site "Albacete -ESPAÑA"]
[Date "2007.09.03"]
[Round "2.6"]
[White "Rivas Pastor, M."]
[Black "Lopez Quevedo, A."]
[Result "1-0"]
[WhiteElo "2510"]
[BlackElo "2148"]
[PlyCount "73"]
[EventDate "2007.09.02"]

1. e4 c5 2. Nf3 e6 3. b3 d6 4. d4 cxd4 5. Nxd4 Nf6 6. Nd2 Nc6 7. Bb2 Be7 8.
Nxc6 bxc6 9. e5 dxe5 10. Nc4 Ba6 11. Qxd8+ Rxd8 12. Nxe5 Bxf1 13. Rxf1 Rc8 14.
O-O-O O-O 15. Nd7 Rfd8 16. Nxf6+ gxf6 17. Rxd8+ Rxd8 18. Rd1 Kf8 19. Rxd8+ Bxd8
20. Kd2 e5 21. Kd3 Ke7 22. Ke4 Ke6 23. g4 Bb6 24. f3 Bg1 25. h3 Bb6 26. Ba3 Bf2
27. Bf8 Bb6 28. b4 a6 29. a4 Ba7 30. c4 Bb6 31. Bh6 Ba7 32. Be3 Bxe3 33. Kxe3
f5 34. gxf5+ Kxf5 35. b5 cxb5 36. cxb5 axb5 37. a5 1-0

[Event "XV Torneo Internacional de Ajedrez CIUD"]
[Site "Albacete -ESPAÑA"]
[Date "2007.09.03"]
[Round "2.8"]
[White "Babaev, R."]
[Black "Huguet, S."]
[Result "1-0"]
[WhiteElo "2488"]
[BlackElo "2134"]
[PlyCount "123"]
[EventDate "2007.09.02"]

1. e4 d5 2. exd5 Qxd5 3. Nc3 Qa5 4. d4 Nf6 5. Nf3 Bf5 6. Bd2 c6 7. Ne4 Qb6 8.
Nxf6+ gxf6 9. Bc4 Qxb2 10. Bb3 e6 11. a4 Be4 12. O-O Rg8 13. Re1 Bxf3 14. Qxf3
Qxd4 15. Bf4 Bd6 16. Bxd6 Qxd6 17. Rad1 Qe7 18. Qh3 f5 19. Qxh7 Qg5 20. g3 Qg6
21. Bxe6 Qxh7 22. Bxf5+ Kf8 23. Bxh7 Rh8 24. Rd8+ Kg7 25. Rxh8 Kxh8 26. Bf5 Na6
27. Re7 Nc5 28. Rxf7 a5 29. g4 Rd8 30. g5 Rd4 31. Bc8 Rxa4 32. Bxb7 Rg4+ 33.
Kf1 Nxb7 34. Rxb7 Rxg5 35. Ke2 Rc5 36. Kd3 Rh5 37. Rc7 Rxh2 38. Rxc6 Rxf2 39.
Rc5 Rf3+ 40. Kc4 Ra3 41. Rg5 a4 42. Kb4 Ra1 43. Ra5 Rb1+ 44. Kc3 Kg7 45. Rxa4
Kf6 46. Re4 Rc1 47. Re2 Rd1 48. Kb4 Rd8 49. c4 Rb8+ 50. Kc5 Rc8+ 51. Kb4 Rb8+
52. Kc5 Rc8+ 53. Kb5 Rb8+ 54. Ka6 Rc8 55. Rc2 Ke7 56. Kb7 Rc5 57. Kb6 Rh5 58.
c5 Kd7 59. Kb7 Rh4 60. c6+ Kd6 61. c7 Rb4+ 62. Ka6 1-0

[Event "XV Torneo Internacional de Ajedrez CIUD"]
[Site "Albacete -ESPAÑA"]
[Date "2007.09.03"]
[Round "2.9"]
[White "Serrano Marhuenda, S."]
[Black "Castellanos Rodriguez, R."]
[Result "0-1"]
[WhiteElo "2134"]
[BlackElo "2471"]
[PlyCount "76"]
[EventDate "2007.09.02"]

1. e4 c5 2. Nf3 e6 3. d4 cxd4 4. Nxd4 a6 5. Nc3 Qc7 6. Be2 Nf6 7. O-O d6 8. Be3
Be7 9. f4 O-O 10. Kh1 b5 11. a3 Bb7 12. Bf3 Nbd7 13. Qe1 Rfe8 14. Rd1 Bf8 15.
Qg3 Nc5 16. e5 Nfe4 17. Nxe4 Nxe4 18. Bxe4 Bxe4 19. Rd2 Rad8 20. h4 dxe5 21.
fxe5 Bg6 22. c3 Rd5 23. Bf4 Qc4 24. Rff2 a5 25. Qf3 h5 26. g4 hxg4 27. Qxg4 b4
28. axb4 axb4 29. Qf3 bxc3 30. bxc3 Rc5 31. h5 Bh7 32. h6 Bg6 33. Rh2 Qxc3 34.
hxg7 Bxg7 35. Qxc3 Rxc3 36. Rhe2 Rd8 37. Kg2 Rd5 38. Kf2 Bd3 0-1

[Event "XV Torneo Internacional de Ajedrez CIUD"]
[Site "Albacete -ESPAÑA"]
[Date "2007.09.03"]
[Round "2.10"]
[White "Guliev, L."]
[Black "Campayo Hernandez, J."]
[Result "1-0"]
[WhiteElo "2454"]
[BlackElo "2132"]
[PlyCount "61"]
[EventDate "2007.09.02"]

1. e4 e6 2. d4 d5 3. Nc3 Nf6 4. Bg5 Be7 5. e5 Nfd7 6. Bxe7 Qxe7 7. f4 O-O 8.
Nf3 c5 9. dxc5 f6 10. exf6 Qxf6 11. g3 Nc6 12. Qd2 Nxc5 13. O-O-O a6 14. Bg2
Rd8 15. Nd4 Bd7 16. Rhe1 Rac8 17. Nxc6 Bxc6 18. Qd4 Be8 19. Kb1 Bg6 20. g4 Ne4
21. Bxe4 dxe4 22. Qb6 Rxd1+ 23. Rxd1 Qe7 24. h4 h5 25. f5 Bf7 26. f6 gxf6 27.
Nxe4 hxg4 28. Rd7 Qf8 29. Nxf6+ Kh8 30. Qxb7 Qc5 31. Qxc8+ 1-0

[Event "XV Torneo Internacional de Ajedrez CIUD"]
[Site "Albacete -ESPAÑA"]
[Date "2007.09.03"]
[Round "2.12"]
[White "Saldano, H."]
[Black "Olivera Gutierrez, A."]
[Result "1-0"]
[WhiteElo "2451"]
[BlackElo "2115"]
[PlyCount "81"]
[EventDate "2007.09.02"]

1. c4 Nf6 2. Nc3 g6 3. g3 Bg7 4. Bg2 O-O 5. d4 d6 6. Nf3 Nc6 7. O-O a6 8. b3 e5
9. dxe5 Ng4 10. h3 Ngxe5 11. Bb2 Nxf3+ 12. exf3 Re8 13. Qd2 Qf6 14. Rad1 Bd7
15. Ba1 Nd4 16. f4 c5 17. Rfe1 Bc6 18. Ne2 Rxe2 19. Rxe2 Nxe2+ 20. Qxe2 Qd8 21.
Bxc6 bxc6 22. Bxg7 Kxg7 23. Qd3 Qd7 24. Qxd6 Qxh3 25. Qxc6 Rc8 26. Qxa6 h5 27.
Qd6 Qg4 28. Qd7 Qe2 29. f5 gxf5 30. Rf1 Re8 31. Qxf5 Re5 32. Qf4 Re4 33. Qg5+
Kf8 34. Qxc5+ Kg8 35. Qg5+ Kf8 36. Qd8+ Kg7 37. Rd1 h4 38. Qg5+ Kh7 39. Qf5+
Kg7 40. Rd7 Qe1+ 41. Kg2 1-0

[Event "XV Torneo Internacional de Ajedrez CIUD"]
[Site "Albacete -ESPAÑA"]
[Date "2007.09.03"]
[Round "2.13"]
[White "Melchor Munoz, A."]
[Black "Perez Mitjans, O."]
[Result "0-1"]
[WhiteElo "2111"]
[BlackElo "2412"]
[PlyCount "32"]
[EventDate "2007.09.02"]

1. e4 d5 2. Nf3 dxe4 3. Ng5 Bf5 4. Nc3 Nf6 5. Bc4 e6 6. f3 Nc6 7. Ncxe4 Bxe4 8.
fxe4 Nxe4 9. Nxe4 Qh4+ 10. Nf2 Bc5 11. O-O Qxc4 12. d3 Qh4 13. c3 e5 14. Qf3
O-O 15. Be3 Bxe3 16. Qxe3 f5 0-1